000 00685nam a2200217 a 4500
001 000026702
003 DO-SdBNP
005 20220923102312.0
007 ta
008 110324s1981 dr 000 0 spa d
040 _aDO-SdBNP
_bspa
_cBNPHU
082 _axxx
_bC755
_222
111 1 _aConsejo Nacional de Hombres de Empresa
_982425
245 0 0 _aLibro tercero :
_bnormas especiales de regulación de algunos contratos de trabajo
260 _aSanto Domingo :
_bConsejo Nacional de Hombres de Empresa,
_c1981
300 _a53 p. ;
_c22 cm.
590 _aInventariado, 2022/ DG
650 4 _aContratos de trabajo
_zRepública Dominicana
_945141
910 _aDG
942 _2ddc
_cLBS1
999 _c52453
_d52453